000 01328nam a22003857a 4500
001 000018062
003 CHAP
005 20220329134217.0
008 971013s1972 r 00010 d
010 _a17023
011 _a17995
035 _a22079
040 _cCHAP
082 _a631.3
_bB4 1972
100 0 0 _aBermejo Zuazúa, Antonio.
_911844
245 0 _aManual práctico del mecánico agrícola.
250 _a6 ed.
260 _aMadrid :
_bMinisterio de Agricultura,
_c1972.
300 _a2 v.
490 _aPublicaciones de extensión agraria
505 _aContenido : v.1 Mecánica general y tractores.- v.2 Máquinas agrícolas
590 _aBATCH-UPD
_b10
_c20130110
_lUCH01
_h1622
590 _aBATCH-UPD
_b10
_c20130410
_lUCH01
_h1017
590 _aBATCH-UPD
_b10
_c20130914
_lUCH01
_h1758
590 _aCONVERSION
_b10
_c20130109
_lUCH01
_h1311
590 _aE11695DGD
_b10
_c20130531
_lUCH01
_h1459
650 1 4 _aMaquinaria agrícola.
_971151
830 0 _aPublicaciones de extensión agraria
_992675
901 _aBK
942 _cLIBRO
942 _n0
949 _a631.3 B4 1972
_bBC
_cLIBRO
_d-51502
_eLIBRO
_fv.1
_h50580
_i22079
_si
949 _a631.3 B4 1972
_bBC
_cLIBRO
_d33724000688834
_eLIBRO
_fv.2
_h50581
_i22079
_si
949 _a631.3 B4 1972
_bBC
_cLIBRO
_d33724000900817
_eLIBRO
_fv.2 c.2
_h52143
_i22079
_si
999 _c17023
_d17023